Founding Name of Los Angeles - Statistics

General Stats
  • This quiz has been taken 69 times
  • The average score is 9 of 13
Answer Stats
English Spanish % Correct
The El
93%
Angels Ángeles
91%
of de
91%
of de
89%
of de
86%
the los
86%
the la
84%
Porciúncula Porciúncula
73%
Queen Reina
61%
Our Nuestra
50%
Town Pueblo
50%
Lady Señora
43%
Full Name El Pueblo de Nuestra Señora la Reina de los Ángeles de Porciúncula
34%
No matching quizzes found
Score Distribution
Percent of People with Each Score
Percentile by Number Answered
Your Score History
You have not taken this quiz